[Event "19e tournoi de Noël"]
[Site "Montigny le Bretonneux"]
[Date "2018.12.28"]
[Round "4.14"]
[White "Le Bris, Gilles"]
[Black "Baltzer, Jean-Marc"]
[Result "1-0"]
[WhiteElo "1787"]
[BlackElo "1388"]
[Annotator "Rivier,Sylvain"]
[PlyCount "91"]
[EventDate "2018.??.??"]

{Défense Alekhine, variante des quatre pions} 1. e4 Nf6 2. e5 Nd5 3. d4 d6 4.
f4 dxe5 5. fxe5 g6 6. Nf3 Bg4 7. Be2 Bg7 8. O-O O-O 9. b3 e6 10. c4 Nb6 11. Bb2
N8d7 12. Nbd2 c5 13. h3 Bxf3 14. Nxf3 cxd4 15. Qxd4 Qc7 16. Rad1 Rfd8 17. Qf4
f6 18. Qg4 f5 19. Qf4 Rac8 20. Rd6 Nf8 21. Rfd1 Rxd6 22. Rxd6 Rd8 23. Ba3 Nc8
24. Rxd8 Qxd8 25. Bb2 Ne7 26. Kh1 h6 27. b4 g5 28. Qe3 a6 29. a4 Qc7 30. b5
axb5 31. axb5 Neg6 32. b6 Qb8 33. Qa3 Nxe5 34. Nd4 Ned7 35. Nb5 Qd8 36. c5 e5
37. Bc4+ Kh7 38. Qf3 Qb8 39. Qxf5+ Kh8 40. Nd6 Nxb6 41. cxb6 Qa8 42. Qf7 Nh7
43. Ne8 Qxe8 44. Qxe8+ Bf8 45. Qf7 Nf6 46. Qxf6+ 1-0

[Event "19e tournoi de Noël"]
[Site "Montigny le Bretonneux"]
[Date "2018.12.28"]
[Round "4.15"]
[White "Benbakir, Ameur"]
[Black "Chaintreau, Maxime"]
[Result "1-0"]
[WhiteElo "1619"]
[BlackElo "1318"]
[Annotator "Rivier,Sylvain"]
[PlyCount "63"]
[EventDate "2018.??.??"]

{Partie italienne} 1. e4 e5 2. Nf3 Nc6 3. Bc4 Bc5 4. O-O Nf6 5. Nc3 d6 6. h3
Bd7 7. d3 h6 8. a3 a6 9. Be3 Nd4 10. Bxd4 Bxd4 11. Nxd4 exd4 12. Ne2 c5 13. f4
Qe7 14. Qd2 b5 15. Ba2 O-O 16. f5 Rfe8 17. Nf4 Qe5 18. Ng6 Qg3 19. Rf3 Qg5 20.
Qf2 c4 21. Rg3 Qh5 22. Nf4 Qh4 23. Rxg7+ Kxg7 24. Qxh4 cxd3 25. cxd3 Rg8 26.
Nh5+ Nxh5 27. Qxh5 Raf8 28. Rc1 a5 29. Qh4 Re8 30. Qg3+ Kh7 31. Qxd6 Rd8 32.
Qe7 1-0

[Event "19e tournoi de Noël"]
[Site "Montigny le Bretonneux"]
[Date "2018.12.28"]
[Round "4.16"]
[White "Klein, Djimmy"]
[Black "Darnet, Ninon"]
[Result "0-1"]
[WhiteElo "1524"]
[BlackElo "1162"]
[Annotator "Rivier,Sylvain"]
[PlyCount "124"]
[EventDate "2018.??.??"]

{Gambit de Budapest, variante principale} 1. d4 Nf6 2. c4 e5 3. dxe5 Ng4 4. Bf4
Nc6 5. Nf3 Bb4+ 6. Nc3 Qe7 7. a3 Bxc3+ 8. bxc3 Ncxe5 9. Nxe5 Nxe5 10. e3 Qc5
11. Qd5 Qxd5 12. cxd5 d6 13. Bxe5 dxe5 14. Bb5+ Ke7 15. O-O Rd8 16. e4 Kf8 17.
f4 a6 18. Bc4 b5 19. Bb3 Re8 20. Bc2 Bb7 21. a4 c6 22. d6 Rad8 23. Rad1 c5 24.
f5 Rd7 25. Rf3 Red8 26. Rh3 Kg8 27. g4 Rxd6 28. Rxd6 Rxd6 29. Rd3 Rxd3 30. Bxd3
bxa4 31. Kf2 a3 32. Bb1 Bxe4 33. Ba2 Bc6 34. Ke3 Ba4 35. Ke4 Kf8 36. Kxe5 Bb5
37. c4 Ba4 38. Kd5 Bd1 39. h3 Bf3+ 40. Kxc5 Bg2 41. h4 Bh3 42. g5 Bxf5 43. Kb4
Ke7 44. Kxa3 Kd6 45. Kb4 Kc6 46. c5 Be6 47. Bb1 h6 48. Be4+ Bd5 49. Bd3 a5+ 50.
Kxa5 Kxc5 51. gxh6 gxh6 52. Bf5 Kd4 53. Kb4 Ke5 54. Bh3 Kf4 55. Kc5 Be6 56. Bf1
Kg3 57. Kd4 Kxh4 58. Ke3 Kg3 59. Bd3 f5 60. Ke2 h5 61. Kf1 h4 62. Kg1 h3 0-1

[Event "19e tournoi de Noël"]
[Site "Montigny le Bretonneux"]
[Date "2018.12.28"]
[Round "4.17"]
[White "Gabard, Adrien"]
[Black "Meunier, Mathieu"]
[Result "1-0"]
[WhiteElo "1494"]
[BlackElo "1150"]
[Annotator "Rivier,Sylvain"]
[PlyCount "53"]
[EventDate "2018.??.??"]

{Défense des deux cavaliers} 1. e4 e5 2. Bc4 Nf6 3. Nf3 Nc6 4. Ng5 d5 5. exd5
Nxd5 6. Nxf7 Kxf7 7. Qf3+ Ke8 8. Bxd5 Qd7 9. Bxc6 Qxc6 10. Qxc6+ bxc6 11. O-O
Ba6 12. Re1 Bd6 13. d4 Kd8 14. dxe5 Bc5 15. Nc3 Kc8 16. Bg5 Kb7 17. Rad1 h6 18.
Bf4 Rae8 19. Na4 Be7 20. e6 Kb8 21. Rd7 Bb4 22. Re4 Bc8 23. Rxb4+ Ka8 24. Rxc7
Rxe6 25. h3 Rhe8 26. Rxg7 Re4 27. Rb8# 1-0

[Event "19e tournoi de Noël"]
[Site "Montigny le Bretonneux"]
[Date "2018.12.28"]
[Round "4.18"]
[White "Touiller, Wiktor"]
[Black "Sondermeijer, Damien"]
[Result "0-1"]
[WhiteElo "1299"]
[BlackElo "1471"]
[Annotator "Rivier,Sylvain"]
[PlyCount "74"]
[EventDate "2018.??.??"]

{Défense sicilienne, gambit Morra} 1. e4 c5 2. d4 cxd4 3. Qxd4 Nc6 4. Qd1 Nf6
5. Nc3 e6 6. Bb5 Bb4 7. Bxc6 Bxc3+ 8. bxc3 bxc6 9. e5 Nd5 10. Ne2 Qa5 11. Qd4
Ba6 12. Bd2 Bxe2 13. Kxe2 Qa6+ 14. c4 O-O 15. Rhb1 Nb6 16. Rb4 Rac8 17. Qc5 f6
18. Bf4 fxe5 19. Bxe5 Rf5 20. f4 d5 21. a4 Nxc4 22. Rxc4 Qxc4+ 23. Qxc4 dxc4
24. a5 g5 25. g3 gxf4 26. gxf4 Rh5 27. Rg1+ Kf7 28. Rg7+ Kf8 29. f5 Rxf5 30.
Rxh7 Rxe5+ 31. Kf3 Rg5 32. Rh8+ Rg8 33. Rxg8+ Kxg8 34. h4 Kh7 35. Kg4 Kh6 36.
h5 Rg8+ 37. Kh4 Rg5 0-1

[Event "19e tournoi de Noël"]
[Site "Montigny le Bretonneux"]
[Date "2018.12.28"]
[Round "4.19"]
[White "Chaintreau, Cedric"]
[Black "Ben Hamouda, Catherine"]
[Result "1-0"]
[WhiteElo "1399"]
[BlackElo "1010"]
[Annotator "Rivier,Sylvain"]
[PlyCount "51"]
[EventDate "2018.??.??"]

{Défense Philidor} 1. e4 e5 2. Nf3 d6 3. Bc4 Be6 4. Bxe6 fxe6 5. d3 Nf6 6. Bg5
Be7 7. b3 Qd7 8. O-O Nc6 9. c3 O-O 10. Re1 Nd8 11. a4 Nf7 12. Qd2 Qc6 13. c4
Rae8 14. Qe3 Ng4 15. Qd2 Nxg5 16. Nxg5 Rxf2 17. Qd1 Qc5 18. Nf3 Rf8 19. Nfd2
Rxg2+ 20. Kxg2 Qf2+ 21. Kh1 Bh4 22. Re2 Qc5 23. Qf1 g5 24. h3 Nh6 25. Qg2 Qa3
26. Rxa3 1-0

[Event "19e tournoi de Noël"]
[Site "Montigny le Bretonneux"]
[Date "2018.12.28"]
[Round "4.20"]
[White "Touiller, Thibault"]
[Black "Boucher, Francis"]
[Result "1-0"]
[WhiteElo "1087"]
[BlackElo "1148"]
[Annotator "Rivier,Sylvain"]
[PlyCount "95"]
[EventDate "2018.??.??"]

{Défense Nimzo-indienne, système Rubinstein} 1. d4 d5 2. c4 e6 3. Nc3 Bb4 4. e3
Nf6 5. Nge2 c6 6. a3 Ba5 7. b4 Bc7 8. Ng3 O-O 9. Bd3 e5 10. O-O Re8 11. Re1 e4
12. Be2 Nbd7 13. b5 Nf8 14. c5 Bd7 15. Rb1 b6 16. Na4 Qc8 17. bxc6 Bxc6 18. Qc2
Re6 19. cxb6 Bxa4 20. Qxc7 Qxc7 21. bxc7 Rc8 22. Rb7 Re7 23. Nf5 Rexc7 24. Ne7+
Kh8 25. Nxc8 Rxb7 26. Nd6 Rd7 27. Nb5 Ne8 28. Bd2 Nd6 29. Nxd6 Rxd6 30. Bb4 Rd8
31. Bc5 Ra8 32. Ba6 Nd7 33. Rc1 Nb6 34. Bxb6 axb6 35. Bb7 Rd8 36. Bxd5 f5 37.
Be6 g6 38. Kf1 f4 39. Rb1 b5 40. Bb3 Rd5 41. Bxd5 fxe3 42. fxe3 Kg7 43. Bxe4
Kf6 44. Bc6 Kf5 45. Bxb5 Bxb5+ 46. Rxb5+ Ke4 47. Ke2 h5 48. Re5# 1-0

[Event "19e tournoi de Noël"]
[Site "Montigny le Bretonneux"]
[Date "2018.12.28"]
[Round "4.21"]
[White "Longbien, Dominique"]
[Black "Charalambides, Tom"]
[Result "1-0"]
[WhiteElo "1468"]
[BlackElo "1040"]
[Annotator "Rivier,Sylvain"]
[PlyCount "53"]
[EventDate "2018.??.??"]

{Partie italienne} 1. e4 e5 2. Nf3 Nc6 3. Bc4 Nf6 4. Nc3 Bc5 5. O-O O-O 6. d3
h6 7. Be3 Bxe3 8. fxe3 Ng4 9. Qe2 b6 10. d4 d6 11. h3 Nf6 12. Rad1 Nd7 13. Bd5
Ndb8 14. dxe5 dxe5 15. Bxf7+ Rxf7 16. Rxd8+ Nxd8 17. Qc4 Be6 18. Qb5 Bd7 19.
Qxe5 Rf6 20. Qd5+ Rf7 21. Ne5 Be6 22. Qxd8+ Kh7 23. Nxf7 Bc4 24. Qh8+ Kg6 25.
Ne5+ Kh5 26. Qxg7 Bxf1 27. Qg4# 1-0

[Event "19e tournoi de Noël"]
[Site "Montigny le Bretonneux"]
[Date "2018.12.29"]
[Round "5.1"]
[White "Imbert, Christophe"]
[Black "Fruchard, Cyrille"]
[Result "1/2-1/2"]
[WhiteElo "1978"]
[BlackElo "2265"]
[Annotator "Rivier,Sylvain"]
[PlyCount "130"]
[EventDate "2018.??.??"]

{Défense française, variante classique} 1. e4 e6 2. d4 d5 3. Nc3 Nf6 4. Bg5 Be7
5. e5 Nfd7 6. h4 Bxg5 7. hxg5 Qxg5 8. Nh3 Qe7 9. Qg4 g6 10. O-O-O Nc6 11. Qf4
h6 12. Qe3 Nb6 13. f3 Bd7 14. Nf2 O-O-O 15. Rxh6 Rxh6 16. Qxh6 Rg8 17. Ng4 Qf8
18. Qxf8+ Rxf8 19. Nh6 Nd8 20. Kd2 Rh8 21. Ng4 Na4 22. Nxa4 Bxa4 23. b3 Bc6 24.
Ke3 Kd7 25. c4 dxc4 26. bxc4 b6 27. d5 Ba4 28. Rd4 Nb7 29. Nf6+ Ke7 30. Ne4 Bc2
31. Bd3 Bxd3 32. Rxd3 Rd8 33. Rd4 Rh8 34. Ng5 exd5 35. cxd5 f6 36. exf6+ Kxf6
37. Ne4+ Ke7 38. Kf4 Nd6 39. Ng5 Rh1 40. Rd2 Nc4 41. Re2+ Kd6 42. Ke4 Rd1 43.
Nf7+ Kc5 44. f4 Rxd5 45. Rc2 Rd4+ 46. Kf3 Kd5 47. Re2 c5 48. Ne5 Nxe5+ 49.
Rxe5+ Kc6 50. g4 c4 51. Ke3 Rd6 52. a4 c3 53. Re8 Kd7 54. Re4 c2 55. Rc4 Rc6
56. Rxc6 Kxc6 57. Kd2 Kd5 58. Kxc2 Ke4 59. f5 gxf5 60. gxf5 Kxf5 61. Kc3 Ke6
62. a5 b5 63. a6 Kd5 64. Kb4 Kc6 65. Ka5 Kc5 1/2-1/2

[Event "19e tournoi de Noël"]
[Site "Montigny le Bretonneux"]
[Date "2018.12.29"]
[Round "5.2"]
[White "Benbakir, Chouaib"]
[Black "Delmas-Goyon, Francois"]
[Result "1/2-1/2"]
[WhiteElo "1828"]
[BlackElo "1887"]
[Annotator "Rivier,Sylvain"]
[PlyCount "33"]
[EventDate "2018.??.??"]

{Défense sicilienne, variante Taïmanov} 1. e4 c5 2. Nf3 e6 3. d4 cxd4 4. Nxd4
Nc6 5. Nc3 Qc7 6. a3 a6 7. Be2 b5 8. O-O Bb7 9. Bf3 Nf6 10. Bg5 Qe5 11. Be3 Bc5
12. Nxc6 Bxc6 13. Bxc5 Qxc5 14. Re1 d6 15. Qd3 O-O 16. Rad1 Rad8 17. h3 1/2-1/2

[Event "19e tournoi de Noël"]
[Site "Montigny le Bretonneux"]
[Date "2018.12.29"]
[Round "5.3"]
[White "Plantet, Marc"]
[Black "Brouard, Gregoire"]
[Result "0-1"]
[WhiteElo "1745"]
[BlackElo "2019"]
[Annotator "Rivier,Sylvain"]
[PlyCount "143"]
[EventDate "2018.??.??"]

{Défense française, variante d'avance} 1. e4 e6 2. d4 d5 3. e5 c5 4. c3 Qb6 5.
Nf3 Nc6 6. a3 Nh6 7. b4 cxd4 8. cxd4 Nf5 9. Be3 Bd7 10. Nc3 Nxe3 11. fxe3 Nxb4
12. Rb1 Qa5 13. Qb3 Na2 14. Qxa2 Qxc3+ 15. Kf2 b6 16. a4 Rc8 17. Bb5 Be7 18.
Rhe1 Qa5 19. Re2 Bxb5 20. axb5 O-O 21. Qxa5 bxa5 22. b6 Rb8 23. Reb2 a6 24. b7
Bb4 25. Ne1 Rxb7 26. Nd3 Rfb8 27. Ke2 Rb6 28. Rc2 Kf8 29. Rbc1 Ke8 30. Rc7 Be7
31. Ra7 R8b7 32. Rc8+ Kd7 33. Raa8 Rc7 34. Rxc7+ Kxc7 35. Ra7+ Rb7 36. Rxa6 Bb4
37. Kd1 Rb5 38. Nxb4 axb4 39. Kc2 Rb7 40. Kb3 Kd7 41. Ra8 f6 42. Rh8 fxe5 43.
dxe5 h6 44. Rg8 Kc6 45. Re8 Kb5 46. Rxe6 Rc7 47. Re8 Rc3+ 48. Kb2 Rxe3 49. e6
Kc6 50. Rg8 Rxe6 51. Rxg7 Kc5 52. Kb3 Re3+ 53. Kb2 Kc4 54. Rc7+ Kd4 55. Rh7 Re6
56. Kb3 Ke3 57. Rd7 d4 58. Kxb4 d3 59. Kc3 Rc6+ 60. Kb2 Rc2+ 61. Kb3 Rxg2 62.
Re7+ Kd2 63. h4 Rg4 64. Ra7 Rxh4 65. Ra2+ Ke3 66. Kc3 Rh5 67. Ra6 Rc5+ 68. Kb4
Rd5 69. Re6+ Kd4 70. Rxh6 d2 71. Rh1 Ke3 72. Kc3 0-1

[Event "19e tournoi de Noël"]
[Site "Montigny le Bretonneux"]
[Date "2018.12.29"]
[Round "5.4"]
[White "Wu, Clara"]
[Black "Fayolle, Guy"]
[Result "1-0"]
[WhiteElo "1517"]
[BlackElo "1683"]
[Annotator "Rivier,Sylvain"]
[PlyCount "91"]
[EventDate "2018.??.??"]

{Défense est-indienne, variante du fianchetto} 1. d4 Nf6 2. c4 g6 3. Nf3 Bg7 4.
g3 O-O 5. Bg2 c6 6. O-O d6 7. Nc3 Nbd7 8. e4 e5 9. dxe5 dxe5 10. Qc2 Qc7 11. b3
Nc5 12. Ba3 Nfd7 13. Rad1 Re8 14. Rfe1 Ne6 15. Ne2 Bf8 16. Bxf8 Ndxf8 17. Qd2
Nc5 18. Nc3 Bg4 19. h3 Bxf3 20. Bxf3 Nfe6 21. Ne2 Qe7 22. h4 Rad8 23. Qc3 Qf6
24. Bg2 Nd4 25. Nxd4 exd4 26. Qa5 Qd6 27. Qd2 Ne6 28. e5 Qe7 29. Qb2 c5 30. Qd2
Ng7 31. Bd5 Qc7 32. Qf4 Re7 33. Re4 Rde8 34. Rde1 Nh5 35. Qf3 Ng7 36. Qf6 Nh5
37. Qf3 Ng7 38. Kg2 b6 39. g4 a5 40. Kf1 Ne6 41. h5 Ng5 42. Qf6 Nxe4 43. Rxe4
Rxe5 44. h6 Kf8 45. Qh8+ Ke7 46. Rxe5+ 1-0

[Event "19e tournoi de Noël"]
[Site "Montigny le Bretonneux"]
[Date "2018.12.29"]
[Round "5.5"]
[White "Verat-Fayolle, Celian"]
[Black "Drouot, Frederic"]
[Result "0-1"]
[WhiteElo "1935"]
[BlackElo "1987"]
[Annotator "Rivier,Sylvain"]
[PlyCount "50"]
[EventDate "2018.??.??"]

{Défense Petroff} 1. e4 e5 2. Nf3 Nf6 3. Nxe5 d6 4. Nf3 Nxe4 5. Nc3 Nxc3 6.
dxc3 Be7 7. Bd3 Be6 8. Be3 Bf6 9. Qe2 Nc6 10. a3 h6 11. Nd4 Nxd4 12. cxd4 d5
13. f4 Qd7 14. h3 O-O-O 15. O-O-O Bf5 16. Bxf5 Qxf5 17. Qb5 Rhe8 18. Qd3 Qe4
19. Qxe4 Rxe4 20. Rd3 Rde8 21. Kd2 c5 22. Rc3 c4 23. Re1 Bxd4 24. Bxd4 Rxe1 25.
Re3 R1xe3 0-1

[Event "19e tournoi de Noël"]
[Site "Montigny le Bretonneux"]
[Date "2018.12.29"]
[Round "5.6"]
[White "Divies, Renaud"]
[Black "Chaintreau, Thomas"]
[Result "1/2-1/2"]
[WhiteElo "2021"]
[BlackElo "1402"]
[Annotator "Rivier,Sylvain"]
[PlyCount "90"]
[EventDate "2018.??.??"]

{Défense Caro-Kann} 1. Nf3 d5 2. g3 Nf6 3. Bg2 c6 4. O-O Nbd7 5. d3 e5 6. Nbd2
Bd6 7. e4 O-O 8. c3 Nc5 9. Qc2 Ne6 10. Re1 Qc7 11. Nf1 dxe4 12. dxe4 a5 13. Ne3
Bc5 14. h3 b5 15. Nf5 Re8 16. g4 Nf8 17. Bg5 Bxf5 18. exf5 N6d7 19. Nd2 f6 20.
Bh4 h6 21. Bg3 Rad8 22. Ne4 Ba7 23. Qb3+ Kh8 24. Qf7 Bb8 25. Qh5 Nh7 26. h4
Ndf8 27. g5 fxg5 28. hxg5 hxg5 29. Nxg5 Kg8 30. Nf3 Nf6 31. Qh2 N8d7 32. Nd4
Qb6 33. Nxc6 Rc8 34. Nxe5 Nxe5 35. Bxe5 Rxe5 36. Rxe5 Rc5 37. Rae1 Rxe5 38.
Rxe5 Qd6 39. Bd5+ Qxd5 40. Re8+ Nxe8 41. Qxb8 Qd1+ 42. Kg2 Qg4+ 43. Kf1 Qd1+
44. Kg2 Qg4+ 45. Kf1 Qd1+ 1/2-1/2

[Event "19e tournoi de Noël"]
[Site "Montigny le Bretonneux"]
[Date "2018.12.29"]
[Round "5.7"]
[White "Couradin, Jean-Marie"]
[Black "Artieres, Michel"]
[Result "0-1"]
[WhiteElo "1563"]
[BlackElo "1760"]
[Annotator "Rivier,Sylvain"]
[PlyCount "108"]
[EventDate "2018.??.??"]

{Début Reti, attaque est-indienne} 1. Nf3 Nf6 2. g3 d5 3. Bg2 c5 4. d3 e6 5.
O-O Be7 6. Nbd2 Nc6 7. c3 O-O 8. Re1 e5 9. Qc2 Bg4 10. e4 d4 11. Nc4 Nd7 12. h4
b5 13. Ncd2 dxc3 14. bxc3 b4 15. Bb2 Rc8 16. c4 Qc7 17. Nf1 Nf6 18. Ne3 a5 19.
Nxg4 Nxg4 20. Bh3 h5 21. Qe2 Ra8 22. a4 Qd6 23. Rad1 Nf6 24. Kh2 g6 25. Bg2
Rab8 26. Kg1 Rb6 27. Nd2 b3 28. Nb1 Nd4 29. Qd2 Nc2 30. Rf1 Ra8 31. f4 Nd4 32.
fxe5 Qxe5 33. Qf2 Ra7 34. Nc3 Bd8 35. Nb5 Ng4 36. Qe1 Qxg3 37. Qxg3 Ne2+ 38.
Kh1 Nxg3+ 39. Kg1 Rd7 40. Rfe1 Bxh4 41. Rd2 Bf6 42. e5 Bg5 43. Rdd1 Be3+ 44.
Rxe3 Nxe3 45. Rd2 Nxg2 46. Kxg2 Nf5 47. Kf3 Nd4+ 48. Ke4 f5+ 49. exf6 Re6+ 50.
Kf4 Rxf6+ 51. Ke4 Re6+ 52. Kf4 Rf7+ 53. Kg3 Re3+ 54. Kh4 Nf3+ 0-1

[Event "19e tournoi de Noël"]
[Site "Montigny le Bretonneux"]
[Date "2018.12.29"]
[Round "5.8"]
[White "Rouast, Joseph"]
[Black "Claisse, Patrick"]
[Result "1/2-1/2"]
[WhiteElo "1648"]
[BlackElo "1748"]
[Annotator "Rivier,Sylvain"]
[PlyCount "45"]
[EventDate "2018.??.??"]

{Défense Grünfeld, variante Alekhine} 1. d4 Nf6 2. c4 g6 3. Nc3 d5 4. cxd5 Nxd5
5. e4 Nxc3 6. bxc3 Bg7 7. Bc4 O-O 8. Ne2 c5 9. O-O Qc7 10. d5 Qa5 11. Bd2 b5
12. Bb3 Qb6 13. Rb1 a6 14. Qc1 Re8 15. Kh1 Bb7 16. f4 Nd7 17. c4 b4 18. Ng3 a5
19. Ba4 Red8 20. Qc2 Qc7 21. Bxd7 Qxd7 22. Bc1 a4 23. Bb2 1/2-1/2

[Event "19e tournoi de Noël"]
[Site "Montigny le Bretonneux"]
[Date "2018.12.29"]
[Round "5.9"]
[White "Gabard, Adrien"]
[Black "Le Bris, Gilles"]
[Result "0-1"]
[WhiteElo "1494"]
[BlackElo "1787"]
[Annotator "Rivier,Sylvain"]
[PlyCount "66"]
[EventDate "2018.??.??"]

{Défense sicilienne, système fermé} 1. e4 c5 2. Nc3 e5 3. Bc4 d6 4. d3 Be6 5.
Bxe6 fxe6 6. Nf3 Nf6 7. O-O Be7 8. Ng5 Qd7 9. f4 exf4 10. Bxf4 Nc6 11. Be3 O-O
12. d4 cxd4 13. Bxd4 h6 14. Nf3 Qc7 15. Qe2 Nxd4 16. Nxd4 Qb6 17. Qc4 d5 18.
exd5 Rac8 19. Qd3 e5 20. Ne4 Nxe4 21. Qxe4 Bc5 22. c3 exd4 23. cxd4 Bxd4+ 24.
Kh1 Rfe8 25. Qf5 Bf6 26. Rad1 Rcd8 27. Rfe1 Qd6 28. Rc1 Bxb2 29. Rxe8+ Rxe8 30.
Rc8 Qf8 31. Rxe8 Qxe8 32. h3 Qe1+ 33. Kh2 Be5+ 0-1

[Event "19e tournoi de Noël"]
[Site "Montigny le Bretonneux"]
[Date "2018.12.29"]
[Round "5.10"]
[White "Masson, Guillaume"]
[Black "Appavou, Calixte"]
[Result "0-1"]
[WhiteElo "1553"]
[BlackElo "1714"]
[Annotator "Rivier,Sylvain"]
[PlyCount "101"]
[EventDate "2018.??.??"]

{Défense Caro-Kann, variante d'échange} 1. e4 c6 2. d4 d5 3. exd5 cxd5 4. Nf3
Nf6 5. c3 e6 6. Ne5 Nc6 7. Bb5 Qb6 8. Qa4 Bd7 9. Nxd7 Nxd7 10. O-O Bd6 11. Bd3
O-O 12. Qc2 h6 13. f4 Rac8 14. Qf2 f5 15. Nd2 Nf6 16. Nf3 Ne4 17. Qe2 e5 18.
fxe5 Nxe5 19. Nxe5 Bxe5 20. Kh1 Bb8 21. Bf4 Bxf4 22. Rxf4 Rce8 23. Bxe4 Rxe4
24. Rxe4 fxe4 25. Kg1 Qe6 26. Rf1 Rxf1+ 27. Qxf1 e3 28. Qe2 Qe4 29. h3 a6 30.
a3 b5 31. Kh2 h5 32. Kg1 g6 33. b4 Qb1+ 34. Kh2 Qe4 35. Kg1 Kg7 36. Kf1 Qb1+
37. Qe1 Qd3+ 38. Kg1 Kh6 39. g4 Qe4 40. gxh5 gxh5 41. h4 Qg4+ 42. Kf1 Qf3+ 43.
Kg1 Kg6 44. Qb1+ Qf5 45. Qe1 Qg4+ 46. Kh2 Qf4+ 47. Kg2 Kf5 48. Kg1 Kg4 49. Kg2
Qf2+ 50. Qxf2 exf2 51. Kxf2 {suite illisible} 0-1

[Event "19e tournoi de Noël"]
[Site "Montigny le Bretonneux"]
[Date "2018.12.29"]
[Round "5.11"]
[White "Suinot, Laurent"]
[Black "Saint-Leger, Stephane"]
[Result "1-0"]
[WhiteElo "1712"]
[BlackElo "1399"]
[Annotator "Rivier,Sylvain"]
[PlyCount "51"]
[EventDate "2018.??.??"]

{Défense hollandaise} 1. Nf3 g6 2. c4 f5 3. d4 Nf6 4. Nc3 Bg7 5. Bg5 h6 6. Bc1
d6 7. e3 O-O 8. Bd3 Nc6 9. d5 Ne5 10. Nxe5 dxe5 11. e4 f4 12. Bd2 e6 13. O-O
exd5 14. cxd5 g5 15. f3 h5 16. Rc1 a6 17. Na4 Rf7 18. Qb3 Bf8 19. Rc2 g4 20.
Be2 Bd6 21. Nc5 Bxc5+ 22. Rxc5 c6 23. Ba5 Qe8 24. dxc6 bxc6 25. Bc4 Bb7 26.
Qxb7 1-0

[Event "19e tournoi de Noël"]
[Site "Montigny le Bretonneux"]
[Date "2018.12.29"]
[Round "5.12"]
[White "Sondermeijer, Damien"]
[Black "Benbakir, Ameur"]
[Result "1-0"]
[WhiteElo "1471"]
[BlackElo "1619"]
[Annotator "Rivier,Sylvain"]
[PlyCount "69"]
[EventDate "2018.??.??"]

{Défense sicilienne, attaque Canal-Sokolsky} 1. e4 c5 2. Nf3 d6 3. Bb5+ Bd7 4.
Bxd7+ Nxd7 5. O-O g6 6. c3 Bg7 7. d4 Nh6 8. h3 O-O 9. Be3 Kh8 10. Qd2 Ng8 11.
Na3 f5 12. Ng5 Qc8 13. Ne6 Rf7 14. Nxg7 Kxg7 15. f3 Ndf6 16. dxc5 dxc5 17. e5
Nh5 18. Bf4 Nxf4 19. Qxf4 Qc6 20. Nc2 e6 21. Rfd1 Rd7 22. Rd6 Rxd6 23. exd6 Rd8
24. Rd1 Nf6 25. Qe5 Kf7 26. Ne3 b5 27. a4 a6 28. axb5 axb5 29. b3 Ne8 30. d7
Rxd7 31. Rxd7+ Qxd7 32. Qxc5 Nf6 33. c4 bxc4 34. Nxc4 Nh5 35. Ne5+ 1-0

[Event "19e tournoi de Noël"]
[Site "Montigny le Bretonneux"]
[Date "2018.12.29"]
[Round "5.13"]
[White "Vadillo, Torre Ismael"]
[Black "Touiller, Thibault"]
[Result "1-0"]
[WhiteElo "1616"]
[BlackElo "1087"]
[Annotator "Rivier,Sylvain"]
[PlyCount "89"]
[EventDate "2018.??.??"]

{Défense Nimzo-indienne, système de Leningrad} 1. d4 Nf6 2. c4 e6 3. Nc3 Bb4 4.
Bg5 h6 5. Bh4 g5 6. Bg3 Ne4 7. Qc2 Nxc3 8. bxc3 Be7 9. e4 O-O 10. Bd3 c5 11.
Nf3 d6 12. O-O f5 13. exf5 exf5 14. d5 f4 15. Bh7+ Kh8 16. Qg6 Rf6 17. Qd3 fxg3
18. fxg3 Nd7 19. h4 g4 20. Nd2 Nf8 21. Be4 Bd7 22. Bf5 Bxf5 23. Rxf5 Rxf5 24.
Qxf5 Qd7 25. Qf2 Qe8 26. Qf4 Qg6 27. Rf1 Bf6 28. Ne4 Be5 29. Qf2 Nh7 30. Nxc5
Bxc3 31. Rc1 dxc5 32. Rxc3 Qb1+ 33. Kh2 b6 34. Qe2 Qg6 35. Re3 Nf6 36. Re6 Re8
37. Rxf6 Rxe2 38. Rxg6 Rxa2 39. Rxh6+ Kg7 40. Rc6 Ra4 41. d6 Rxc4 42. d7 Rd4
43. Rc7 Kf8 44. h5 Rd6 45. Rc8+ 1-0

[Event "19e tournoi de Noël"]
[Site "Montigny le Bretonneux"]
[Date "2018.12.29"]
[Round "5.14"]
[White "Privat, Jean-Claude"]
[Black "Chaintreau, Cedric"]
[Result "1-0"]
[WhiteElo "1602"]
[BlackElo "1399"]
[Annotator "Rivier,Sylvain"]
[PlyCount "59"]
[EventDate "2018.??.??"]

{Gambit dame accepté} 1. d4 d5 2. c4 dxc4 3. e4 e6 4. Bxc4 Bb4+ 5. Nc3 Nf6 6.
f3 c6 7. Nge2 Nbd7 8. Be3 b5 9. Bb3 Bb7 10. O-O O-O 11. Qd3 Ne5 12. Qc2 Ng6 13.
Rad1 Qc7 14. Nxb5 Qb8 15. Nbc3 Bd6 16. e5 Nxe5 17. dxe5 Bxe5 18. f4 Bd6 19. Ng3
Ng4 20. Bd4 Bxf4 21. Qe4 Bxg3 22. Qxg4 Bxh2+ 23. Kh1 Qg3 24. Qxg3 Bxg3 25. Bc5
Rfe8 26. Rd7 Ba6 27. Rfxf7 Rad8 28. Rxg7+ Kh8 29. Rxh7+ Kg8 30. Rdg7# 1-0

[Event "19e tournoi de Noël"]
[Site "Montigny le Bretonneux"]
[Date "2018.12.29"]
[Round "5.15"]
[White "Darnet, Ninon"]
[Black "Mongey, Alain"]
[Result "0-1"]
[WhiteElo "1162"]
[BlackElo "1573"]
[Annotator "Rivier,Sylvain"]
[PlyCount "130"]
[EventDate "2018.??.??"]

{Défense sicilienne, fianchetto accéléré moderne} 1. e4 c5 2. Nf3 Nc6 3. d4
cxd4 4. Nxd4 g6 5. Be3 Bg7 6. Nc3 Nf6 7. Bc4 a6 8. Nxc6 bxc6 9. Qd2 d6 10. e5
Ng4 11. exd6 Nxe3 12. Qxe3 Qxd6 13. Rd1 Qe5 14. Qxe5 Bxe5 15. O-O Bxc3 16. bxc3
O-O 17. Rb1 Bf5 18. Bd3 Be6 19. a3 Rfb8 20. h3 f5 21. c4 Kf7 22. f3 Bd7 23.
Rfe1 Kf6 24. Kf2 e5 25. c3 c5 26. g4 h6 27. gxf5 gxf5 28. Red1 Ba4 29. Rd2 Rxb1
30. Bxb1 Bb3 31. Rd6+ Kg5 32. Rd5 Bxc4 33. Rxc5 Rb8 34. Bxf5 Rb2+ 35. Kg3 h5
36. Rxc4 Kxf5 37. Ra4 Rb3 38. Rxa6 Rxc3 39. Ra5 Rc4 40. a4 h4+ 41. Kg2 Kf4 42.
Kf2 Rc2+ 43. Ke1 Ra2 44. Kd1 Kxf3 45. Rxe5 Rxa4 46. Rg5 Ra1+ 47. Kd2 Rh1 48.
Ra5 Rxh3 49. Ra3+ Kg2 50. Rxh3 Kxh3 51. Ke2 Kg2 52. Ke3 h3 53. Kf4 h2 54. Kg5
h1=Q 55. Kg6 Kf3 56. Kf5 Qh3+ 57. Ke5 Ke3 58. Kd5 Qg4 59. Kd6 Kd4 60. Kc6 Qf5
61. Kd6 Qf6+ 62. Kc7 Kc5 63. Kd7 Qf7+ 64. Kd8 Kc6 65. Kc8 Qc7# 0-1

[Event "19e tournoi de Noël"]
[Site "Montigny le Bretonneux"]
[Date "2018.12.29"]
[Round "5.16"]
[White "Plancade, Philajit"]
[Black "Fruchard, Alois"]
[Result "0-1"]
[WhiteElo "1154"]
[BlackElo "1411"]
[Annotator "Rivier,Sylvain"]
[PlyCount "116"]
[EventDate "2018.??.??"]

{Défense Pirc} 1. e4 d6 2. Nf3 Nf6 3. Nc3 g6 4. Bc4 Bg7 5. O-O O-O 6. d3 c5 7.
Be3 Nc6 8. Qd2 Bg4 9. Ng5 Ne5 10. f3 Bd7 11. f4 Nxc4 12. dxc4 Ng4 13. Nf3 Qb6
14. Rab1 Nxe3 15. Qxe3 Bd4 16. Nxd4 cxd4 17. Nd5 dxe3 18. Nxb6 axb6 19. a3 b5
20. Rfe1 Rfc8 21. Rxe3 bxc4 22. c3 Rc5 23. Rbe1 e5 24. fxe5 Rxe5 25. Rd1 Ra6
26. Rd4 Be6 27. Kf2 Rc6 28. Kf3 f5 29. Kf4 Rxe4+ 30. Rexe4 fxe4 31. Rxe4 Kf7
32. g4 Rb6 33. Kg5 Rxb2 34. h4 Rf2 35. Kh6 Rh2 36. g5 d5 37. Rd4 Rh3 38. a4
Rxc3 39. Kxh7 Rh3 40. Rf4+ Bf5 41. Rxf5+ gxf5 42. g6+ Kf6 43. g7 Rxh4+ 44. Kg8
Rg4 45. Kf8 Rxg7 46. a5 Rh7 47. Ke8 Ke6 48. Kd8 Kd6 49. Kc8 Kc6 50. Kb8 Kb5 51.
a6 bxa6 52. Kc8 Kc6 53. Kd8 Ra7 54. Ke8 Kd6 55. Kf8 Ke6 56. Kg8 Kf6 57. Kh8 Kg6
58. Kg8 Ra8# 0-1